Expending leadership impact : a practical guide to managing people and processes :

Bibliographic Details
Main Author: Kehoe, Kevin R
Format: Book
Published: London : Kogan page , 1995
Subjects:

MARC

LEADER 00000cam a2200000 7i4500
001 0000001065
005 19991125.0
020 |a 749416580 
040 |a INS 
090 0 0 |a 6584092   |b KEH 
100 1 |a Kehoe, Kevin R 
245 1 0 |a Expending leadership impact :   |b a practical guide to managing people and processes :   |b by Kevin R Kohoe 
260 |a London :   |b Kogan page ,   |c 1995 
300 |a 98p. 
650 0 0 |a Leadership 
999 |a 000006622d   |b BOOK   |c Open Shelf   |e Default branch